2809-大阪市生野区(大阪府)の駅 - Statistics

General Stats
  • This quiz has been taken 13 times
  • The average score is 4 of 5
Answer Stats
Answer % Correct
鶴橋
91%
北巽
91%
南巽
91%
今里
82%
小路
64%
No matching quizzes found
Score Distribution
Percent of People with Each Score
Percentile by Number Answered
Your Score History
You have not taken this quiz